000 00310nam a2200109Ia 4500
008 160609s9999 xx 000 0 und d
245 _aDigital Photography Complete Course
245 _cBy:DK Publishing
260 _c2015
650 _xDIGITAL PHOTOGRAPHY
856 _uhttp://file.ebook777.com/DigPhoComCou.pdf
999 _c295751
_d295751